Wybory, prawo wyborcze, systemy wyborcze w państwach Grupy Wyszehradzkiej

Bibliographic Details
Main Authors: Barański, Marek (Marek Janusz), 1953- (Author), Czyż, Anna, 1980- (Author), Kubas, Sebastian, 1977- (Author), Rajczyk, Robert (Author)
Format: Book
Language:Polish
PhysicalDescription:225 strán tabuľky 24 cm
Published: Katowice Wydawnictwo Uniwersytetu Śląskiego 2016
ISBN:9788322630181
Edition:Wydanie 1.
Series:Prace Naukowe Uniwesytetu Śląskiego w Katowicach Nr. 3520
Subjects:

MARC

LEADER 00000cam a2200000 4500
001 vtls012023447
003 SK-MaSNL
005 20260302074124.0
008 210415s2016 pl a grn 000 1 pol
015 |a SNBZSA2021/06 
020 |a 9788322630181  |q (brožované) 
040 |a SNK  |b slo  |c SNK  |e rda 
041 0 |a pol  |b eng 
043 |a e------ 
044 |a pl  |c PL 
072 7 |a 324  |x Voľby, volebné kampane, referendá  |2 konspekt 
072 7 |a 342  |x Ústavné právo. Správne právo  |2 konspekt 
080 |a 324  |2 2011 
080 |a 34  |2 2011 
080 |a 342.8  |2 2011 
080 |a 341.217  |2 2011 
080 |a (048.83)  |2 2011 
080 |a (048.8:082)  |2 2011 
100 1 |a Barański, Marek  |q (Marek Janusz),  |d 1953-  |4 aut  |9 739356 
245 1 0 |a Wybory, prawo wyborcze, systemy wyborcze w państwach Grupy Wyszehradzkiej  |c Marek Barański, Anna Czyż, Sebastian Kubas, Robert Rajczyk 
250 |a Wydanie 1. 
264 1 |a Katowice  |b Wydawnictwo Uniwersytetu Śląskiego  |c 2016 
300 |a 225 strán  |b tabuľky  |c 24 cm 
336 |a text  |b txt  |2 rdacontent 
337 |a bez média  |b n  |2 rdamedia 
338 |a zväzok  |b nc  |2 rdacarrier 
490 1 |a Prace Naukowe Uniwesytetu Śląskiego w Katowicach  |v Nr. 3520 
500 |a Obsahuje zoznam tabuliek 
504 |a Obsahuje bibliografiu na strane [207]-220 ; bibliografické odkazy 
546 |a Text v poľskom jazyku ; anotácie v angličtine na začiatku príspevkov 
650 0 7 |a voľby  |2 SNKPH  |9 1580 
650 0 7 |a Elections  |2 SNKPHeng  |9 313314 
650 0 7 |a zákony  |2 SNKPH  |9 1156 
650 0 7 |a Laws  |2 SNKPHeng  |9 268422 
650 0 7 |a volebné právo  |2 SNKPH  |9 2644 
650 0 7 |a Electoral law  |2 SNKPHeng  |9 340952 
651 7 |a krajiny Vyšehradskej skupiny  |2 SNKPHgeo  |9 159934 
651 7 |a Visegrad Group countries  |2 SNKPHeng  |9 232723 
655 7 |a kolektívne monografie  |2 SNKPH  |9 249850 
655 7 |a Analytic studies  |2 SNKPHeng  |9 278714 
655 7 |a Collective monographs  |2 SNKPHeng  |9 125747 
655 7 |a analýzy  |2 SNKPH  |9 22242 
700 1 |a Czyż, Anna,  |d 1980-  |4 aut  |9 174677 
700 1 |a Kubas, Sebastian,  |d 1977-  |4 aut  |9 603557 
700 1 |a Rajczyk, Robert  |4 aut  |9 553527 
810 2 |a Uniwersytet Śląski w Katowicach  |t Prace Naukowe  |9 325291 
919 |a 978-83-226-3018-1 
958 |a ZS 
958 |a NB 
958 |a PL 
958 |a LX 
999 |c 1163776  |d 1165706 
952 |a SNK  |b SNK  |y PREZ  |7 0  |p 17A1451398  |o snkSC 192498  |i snk2021/3704  |8 2  |g 4.42  |0 0  |1 0  |4 0  |d 2021-04-15  |f 1  |l 0  |r 2025-10-09 00:00:00  |w 2026-02-24